Responses for Show #427 - Tuesday, April 29, 1986

Contestants

[<< previous game]

Cliff Miles Katskee, an actor from Chicago, Illinois

Richard Schwartz, an astrophysicist from La Cañada, California

Frank Sanello, a journalist originally from Joliet, Illinois (whose 1-day cash winnings total $12,300)

[next game >>]

Jeopardy! Round responses

NEW HAMPSHIRE
GEMS
STARTS WITH "N"
SINGERS & SONGS
TRADE NAMES
SWAMP THINGS
    $100 11
gunpowder

Richard
    $100 10
Idaho

Frank
    $100 16
nickelodeons

Frank
    $100 3
"Rubber Duckie"

Richard
    $100 1
Wheaties

Richard
    $100 21
the Everglades

Cliff
    $200 12
the first primary

Richard
    $200 25
rubies

Frank
    $200 17
the next of kin

Richard
    $200 7
Richard Chamberlain

Cliff
    $200 2
Kiwi

Cliff
    $200 23
Adrienne Barbeau

Cliff
    $300 13
(Cliff: What is Manchester?)
(Richard: What is Concord?)

Portsmouth

RichardCliff
Triple Stumper
    $300 26
a bud

Richard
    $300 18
Naughty

Cliff
    $300 8
Golden Needles

Richard
    $300 4
Nescafé

Cliff
    $1,200 24
[Cliff bounces and snaps to the song's introductory music]
(Alex: [Chuckles] Oh, that great sign of recognition... Anytime, Cliff.)
...
(Alex: The song is called "Amos Moses"... We've got a minute to go in the round.)

Jerry Reed

Cliff
    $400 14
Franklin Pierce

Richard
    $400 27
water (rainfall, moisture)

Richard
    $400 19
nip

Cliff
    $400 9
The Moody Blues

Richard
    $400 5
Ivory

Cliff
    $400 29
Camp Swampy

Richard
    $500 15
(Frank: What is Yale?)

Dartmouth

FrankRichard
    $500 28
the topaz

Triple Stumper
    $500 20
nurse

Frank
    $500 22
"The Year Of The Cat"

Cliff
    $500 6
Mitsubishi

Cliff
    $500 30
Hawkeye, B.J. & Major Charles Winchester

Cliff

Scores at the first commercial break (after clue 13):

Frank Richard Cliff
$100 $900 $1,300

Scores at the end of the Jeopardy! Round:

Frank Richard Cliff
$400 $3,100 $4,500

Double Jeopardy! Round responses

THE HUMAN BODY
INDIANS
WORLD WAR I
WEATHER
THE ARTS
SKIING
    $200 17
the diaphragm

Richard
    $200 21
Oklahoma

Richard
    $200 2
no man's land

Cliff
    $200 8
(Frank: What is a desert?)

sand

Frank
Triple Stumper
    $200 3
Philadelphia

Frank
    $200 13
(Frank: What is Sweden?)

Norway

FrankCliff
    $400 18
(Richard: What is the cervical vertebra?)

Atlas

Richard
Triple Stumper
    $400 22
(Alex: Right, we've got less than a minute to go in the round.)

the British

Cliff
    $400 1
the USA

Cliff
    $400 9
(Alex: Yes, "[*] To The Chief".)

hail

Cliff
    $400 4
"A Passage to India"

Frank
    $400 14
the World Cup

Richard
    $600 19
(Frank: Less.)

more

FrankRichard
    $600 23
Kickapoo

Cliff
    $600 7
(Cliff: What is [*] or the Holy Roman Empire?)
[Originally accepted as correct; reversed prior to reveal of the Final Jeopardy! clue]

Austria-Hungary

Cliff
Triple Stumper
    $600 10
the jet stream

Cliff
    $900 5
(Frank: Uh, what is a trompe l'oeil?)

escalators on the outside

Frank
    $600 25
the tram which takes you up to the top of the mountain (ski lift)

Cliff
    $800 20
(Richard: What is the finger?)

the ear

RichardCliff
    $800 24
(Cliff: Oh, that's where my dad's from; if I blew that, I'd be in trouble.)

the Omahas

Cliff
    $800 15
poison gas

Cliff
    $800 11
(Frank: What is cirrus?)

a nimbus

FrankRichard
    $800 6
(Cliff: Who is Renoir?)
(Frank: Who is Matisse?)

Claude Monet

FrankCliff
Triple Stumper
    $800 26
a downhill racer

Richard
    $1000 27
[The end-of-round signal sounds and Cliff raises hands triumphantly.]
[Yes, Shosoni was the alternate spelling used.]

the Comanche

Triple Stumper
    $1,100 16
his wife the Archduchess

Cliff
    $1000 12
(Cliff: What is [*] or "the child"?)

El Niño

Cliff

Scores at the end of the Double Jeopardy! Round:

Frank Richard Cliff
-$2,500 $4,900 $11,000
(lock game)

[wagering suggestions for these scores]

Final Jeopardy! Round responses

WORLD GEOGRAPHY
[No crossing of Richard's "T" was visible.]
RichardWhat is Wellington NZ?
$4,900
CliffWhat is Australia
$1,000
New Zealand

Final scores:

Frank Richard Cliff
-$2,500 $9,800 $10,000
3rd place: Berkline Wall Away recliner 2nd place: trip on Delta to New York & stay at Milford Plaza Hotel New champion: $10,000

Game dynamics:

Coryat scores:

Frank Richard Cliff
-$1,600 $4,900 $10,000
6 R,
7 W
(including 1 DD)
18 R,
3 W
25 R
(including 2 DDs),
3 W

Combined Coryat: $13,300

[game clues] [game scores] [suggest correction]

Game tape date: 1985-12-03
The J! Archive is created by fans, for fans. Scraping, republication, monetization, and malicious use prohibited; this site may use cookies and collect identifying information. See terms. The Jeopardy! game show and all elements thereof, including but not limited to copyright and trademark thereto, are the property of Jeopardy Productions, Inc. and are protected under law. This website is not affiliated with, sponsored by, or operated by Jeopardy Productions, Inc. Join the discussion at JBoard.tv.